BIBLIOTHÈQUE DE LA MAISON DU MEXIQUE

Logo 1 Logo 2

Eielson, Roubaud, Aínsa, Rojas (notice nᵒ 4114)

détails MARC
000 -Sello discográfico
campo de control de longitud fija 00958nam a2200289 4500
005 - Identificación de versión
campo de control 20251016083742.0
035 ## - Otros números de control del sistema
Número de control del sistema 26144
099 ## - fechas locales
Tipo de ítem Koha LIBRO
100 ## - Datos de procesamiento general
Datos de procesamiento general 19990428d1982 m y1spay5003 ba
101 1# - Idioma del recurso
Idioma del texto, banda sonora, etc. Francés
-- Español; Castellano
105 ## - Campo de datos codificados: Material textual, monográfico
Datos codificados de monografía y 001zy
200 1# - Título y mención de responsabilidad
Título propio Eielson, Roubaud, Aínsa, Rojas
Designación general del material texto impreso
Primer mención de responsabilidad Rédaction Armando Rojas
210 ## - Publicación, distribución, etc.
Lugar de publicación, distribución, etc. Paris
Nombre del editor, distribuidor, etc. Capitales
Fecha de publicación, distribución, etc. 1982
215 ## - Descripción física
Designación de material específico y extensión del ítem 60 p
Dimensiones 21 cm
300 ## - Notas generales
Texto de la nota Edición bilingüe francés-español
345 ## - Nota de información de adquisición
Fuente de adquisición/dirección de la suscripción [OBSOLETO] Donación de Vilma Fuentes
410 #1 - Series
Título Altaforte
Nombre de parte o sección Poésie, Fiction, Essai
Número Internacional Normalizado para Publicaciones Seriadas 0242-1887
Número de volumen 7
606 ## - Término temático usado como materia
Elemento de entrada Literatura hispanoamericana
Subdivisión temática Publicaciones periódicas
Número Koha 8124
702 ## - Nombre personal - Responsabilidad secundaria
Elemento de entrada Rojas
Parte del nombre distinta del elemento de entrada Armando
Número Koha 8126
801 #0 - Fuente de origen
Agencia cm
900 ## -
-- 1/18667
900 ## -
-- 7109910578\280499
942 ## - ELEMENTOS DE ENTRADA SECUNDARIOS (KOHA)
Tipo de ítem Koha Livre
996 ## -
-- MEX
-- 751145101
-- MMAG
-- 010101
-- H860.5 A465E
-- 20240408LIV
Exemplaires
Estatus retirado Estado de daño Estado de pérdida Fecha de adquisición Biblioteca de origen Biblioteca actual Ubicación en estantería Código de barras Precio de reemplazo Signatura topográfica completa No para préstamo Tipo de ítem Koha Nota pública Nota no pública
      05/08/2025 Casa México Paris Casa México Paris   010101 05/08/2025 H860.5 A465E   Périodiques 20240408LIV 751145101